Szczegóły MARC21

Wschód i Zachód : dziedzictwo idei w filozofii starożytnej i średniowiecznej /

003 -Nazwa inst., której nr kontr. jest w polu 001 [,]
    • @
    • Nazwa instytucji, której n kontrolny jest w polu 001
    • NUKAT
005 -DATA I CZAS OSTATNIEJ MODYFIKACJI [,]
    • @
    • pole kontrolne
    • 20241231105545.0
020 -Międzynarod. znormalizowany nr książki - ISBN [ , ]
    • a
    • Numer ISBN
    • 8301003820 Find
040 -Instytucja sporządzająca opis [ , ]
    • a
    • Instytucja, która sporządziła opis (NP)
    • TOR U/PDJR
    • c
    • Instytucja, która sporządziła rekord (NP)
    • TOR U/PDJR
    • d
    • Instytucja, która zmodyfikowała rekord (P)
    • TOR U/AP
    • d
    • Instytucja, która zmodyfikowała rekord (P)
    • KIEL 010/EAs
041 -Język dokumentu [1, ]
    • a
    • Język tekstu (P)
    • polski
    • h
    • Język tekstu oryginalnego i/lub pośredniego (P)
    • rosyjski
942 -Rodzaj dokumentu [ , ]
    • c
    • Rodzaj dokumentu
    • Książka
100 -Hasło główne - nazwa osobowa [1, ]
    • a
    • Nazwa osobowa (NP)
    • Čaloân, Vazgen Karpovič
    • d
    • Daty biograficzne (NP)
    • (1905-1981).
    • 9
    • KHW
    • 398643
240 -Tytuł ujednolicony [1,0]
    • a
    • Tytuł ujednolicony
    • Vostok - Zapad
    • l
    • Język tekstu
    • (pol.)
    • 9
    • KHW
    • 398646
245 -Strefa tytułu i oznaczenia odpowiedzialności [1,0]
    • a
    • Tytuł
    • Wschód i Zachód : Find
    • b
    • Ciąg dalszy tytułu (NP)
    • dziedzictwo idei w filozofii starożytnej i średniowiecznej / Find
    • c
    • Pozostałe elementy strefy tytułu i oznaczenia odpowiedzialności (NP)
    • W. Czałojan ; z jęz. ros. przeł. Irena Jaroszewska ; oprac. i opatrzył posł. Ryszard Palacz.
260 -Strefa adresu wydawniczego [ , ]
    • a
    • Miejsce wydania (P)
    • Warszawa :
    • b
    • Nazwa wydawcy (P)
    • Państwowe Wydaw. Naukowe,
    • c
    • Data wydania (P)
    • 1980.
300 -Strefa opisu fizycznego [ , ]
    • a
    • Określenie formy książki i/lub objętość (NP)
    • 275, [4] s. ;
    • c
    • Format (NP)
    • 20 cm.
336 -Typ zawartości [ , ]
    • a
    • Termin opisujący typ zawartości
    • Tekst
    • b
    • Kod określający zawartość
    • txt
    • 2
    • Źródło (terminu i kodu)
    • rdacontent
337 -Typ mediów [ , ]
    • a
    • Tryb odtwarzania
    • Bez urządzenia pośredniczącego
    • b
    • Kod typu mediów
    • n
    • 2
    • Źródło (terminu i kodu)
    • rdamedia
338 -Typ/rodzaj nośnika [ , ]
    • a
    • Hasło opisujące typ nośnika
    • Wolumin
    • b
    • Kod typu nośnika
    • nc
    • 2
    • Źródło (terminu i kodu)
    • rdacarrier
650 -Hasło przedmiotowe [ ,7]
    • a
    • Hasło przedmiotowe
    • Filozofia starożytna.
    • 2
    • Źródło terminu
    • kaba
    • 9
    • KHW
    • 108769
650 -Hasło przedmiotowe [ ,7]
    • a
    • Hasło przedmiotowe
    • Filozofia
    • z
    • Określnik geograficzny
    • Bizantyjskie, Cesarstwo.
    • 2
    • Źródło terminu
    • kaba
    • 9
    • KHW
    • 398470
650 -Hasło przedmiotowe [ ,7]
    • a
    • Hasło przedmiotowe
    • Filozofia arabska.
    • 2
    • Źródło terminu
    • kaba
    • 9
    • KHW
    • 108733
650 -Hasło przedmiotowe [ ,7]
    • a
    • Hasło przedmiotowe
    • Idea (filozofia).
    • 2
    • Źródło terminu
    • kaba
    • 9
    • KHW
    • 111677
700 -Hasło dodatkowe - nazwa osobowa [1, ]
    • a
    • Nazwa osobowa (NP)
    • Jaroszewska, Irena. Find
    • e
    • Określenie rodzaju współpracy
    • Tł.
    • 9
    • KHW
    • 398644
700 -Hasło dodatkowe - nazwa osobowa [1, ]
    • a
    • Nazwa osobowa (NP)
    • Palacz, Ryszard Find
    • d
    • Daty biograficzne (NP)
    • (1935- ).
    • e
    • Określenie rodzaju współpracy
    • Oprac.
    • 9
    • KHW
    • 63940
710 -Hasło dodatkowe - nazwa ciała zbiorowego [2, ]
    • a
    • Nazwa ciała zbiorowego lub nazwa geograficzna jako pierwszy element (NP)
    • Państwowe Wydawnictwo Naukowe (1951-1992).
    • 4
    • Kod relacji
    • pbl
    • 9
    • KHW
    • 52048
920 -ISBN [ , ]
    • a
    • ISBN
    • 83-01-00382-0 Find
Status udost. Uwagi nie widoczne w OPAC Sygnatura Numer inwentarzowy Lokalizacja Data inwentaryzacji
1  E.50367BE 
1 Z.40690Z.40690BG 
-3 W.88780W.88780BG 
-3 W.88780W.88781BG 
-3 W.88780W.88782BG 
2 W.88780W.88783BG 
2 W.88780W.88784BG 
2 W.88780W.88785BG 
2 W.88780W.88786BG 
1  Q.1394BM2019-05-13
-3  P.2504BM 
1retrokonwersja ANS1.22/C-99ANS.141419BNS 
1  F.10772BNS